Suối lành : Thơ /
Gespeichert in:
| 1. Verfasser: | |
|---|---|
| Format: | Sách giấy |
| Sprache: | Vietnamese |
| Veröffentlicht: |
Tp. Hồ Chí MInh :
Văn nghệ,
1997
|
| Schlagworte: | |
| Tags: |
Tag hinzufügen
Keine Tags, Fügen Sie den ersten Tag hinzu!
|
| Thư viện lưu trữ: | Thư viện Trường Đại học Đà Lạt |
|---|
| LEADER | 00623nam a2200253 4500 | ||
|---|---|---|---|
| 001 | DLU020010396 | ||
| 005 | ##11/24/1999 | ||
| 041 | # | # | |a vie |
| 082 | # | # | |a 895.922 1 |b TR-K |
| 090 | # | # | |a 895.922 1 |b TR-K |
| 100 | # | # | |a Trần Thị Hồng Khương |
| 245 | # | # | |a Suối lành : |b Thơ / |c Trần Thị Hồng Khương |
| 260 | # | # | |a Tp. Hồ Chí MInh : |b Văn nghệ, |c 1997 |
| 300 | # | # | |a 207 tr.; |c 19 cm. |
| 653 | # | # | |a Sưu tập thơ |
| 992 | # | # | |a 12500 |
| 994 | # | # | |a DLU |
| 900 | # | # | |a False |
| 911 | # | # | |a Administrator |
| 925 | # | # | |a G |
| 926 | # | # | |a A |
| 927 | # | # | |a SH |
| 980 | # | # | |a Thư viện Trường Đại học Đà Lạt |